00692nam a2200241 a 4500001001300000003000900013005001700022008004100039020001000080082001500090100001600105245005300121260003600174300000800210500003500218505001200253650002400265700001600289902000800305942000700313952011500320999001500435nice12345678IN_TiNIC20260116011458.0050524s1887 bera grp 000 0 ger  ac10000a297.8bNOL aNoldike, Th aDie Ghassanischen Fursten Aus Dem Hause Gafna`s. aBerlinbVerlag Der Lpmog;c1887 a62p aincludes index and biblioraphy2 aIndices aIslam-Sectd-Ghassan1 aNoldike, Th bRBA cBK 001040708RareBook->aHMIbHMId2007-07-13g100.00l0o297.8 NOLp01144r2007-07-13v100.00w2005-05-24yBK c1898d1898